[Event "Budapest Vezerkepzo IM 08"]
[Site "Budapest"]
[Date "2024.09.04"]
[Round "10"]
[White "Cong, Dingzhou"]
[Black "Pavan Karthikeya, Varma Guntur"]
[Result "1/2-1/2"]
[WhiteElo "2209"]
[BlackElo "2056"]
[PlyCount "66"]
[EventDate "2024.08.28"]
[EventType "tourn"]
[EventRounds "11"]
[EventCountry "HUN"]
[SourceTitle "EXT 2025"]
[Source "ChessBase"]
[SourceDate "2024.10.14"]
[SourceVersion "1"]
[SourceVersionDate "2024.10.14"]
[SourceQuality "1"]

1. e4 c5 2. Nf3 e6 3. d4 cxd4 4. Nxd4 Nc6 5. Nc3 Qc7 6. g3 a6 7. Bg2 Nf6 8. 0-0 Nxd4 9. Qxd4 Bc5 10. Bf4 Bxd4 11. Bxc7 Bxc3 12. bxc3 d5 13. exd5 Nxd5 14. Be5 f6 15. Bd4 b5 16. Rfe1 Kf7 17. f4 Bb7 18. a4 Bc6 19. axb5 axb5 20. Bf1 Rhc8 21. Bd3 Bd7 22. Kf1 Kg8 23. Rxa8 Rxa8 24. Ke2 g5 25. Kf3 Rc8 26. Ra1 Bc6 27. Kg4 gxf4 28. gxf4 Rc7 29. Rf1 Rg7+ 30. Kh4 Bd7 31. Be4 Bc6 32. Bxf6 Rg4+ 33. Kh3 Rxf4 1/2-1/2